000
00298 a2200145 4500
001
62028
020
_a
9788589558129
040
_c
Anchieta - Pituba
240
1
0
_a
Pão diário
_l
por
245
1
0
_a
Pão diário
300
_a
360
362
0
_a
2008
650
4
_a
Literatura devocional
942
_c
BK
999
_c
62028
_d
62028